000 01028nam0a22002411 4500
001 rc\981097
005 20250622064701.0
035 _a(NLR Aleph) 006149117
090 _a5743148
_c5743148
100 _a20041129d1982 |||y0rusy50 ca
101 0 _arus
102 _aRU
105 _aa |||||||||
200 1 _aГеографические аспекты мелиорации селевых ландшафтов
_eУчеб. пособие по разделу "Противоселевые мелиорации" спецкурса "Мелиорация ландшафта"
_fМ-во высш. и сред. спец. образования УССР, Симфероп. гос. ун-т им. М.В. Фрунзе
210 _aСимферополь
_cСГУ
_d1982
215 _a76 с.
_cил.
_d20
320 _aБиблиогр.: с. 69-74
700 1 _aОлиферов
_bА.Н.
_gАвгуст Николаевич
801 0 _aRU
_bNLR
_gpsbo
801 1 _aRU
_bELAR
_2rusmarc
852 _aNLR
_j89-4/10597
942 _cBOOK
980 _aNB